Southville International School and Colleges
Your cart is empty.
  • Cart
  • Lists
    Public lists Eva Luna New books Lux_list list_1
    Your lists Log in to create your own lists
  • Log in to your account
  • Your cookies
  • Search history
Southville International School and Colleges
  • Advanced search
  • Recent comments
  • Most popular
  • Libraries

Log in to your account

Log in with GOOGLE


If you do not have an external account, but do have a local account, you can still log in:

  1. Home
  2. MARC view: The unknown power :
Normal view MARC view ISBD view

The unknown power : (Record no. 288468)

[ view plain ]
MARC details
000 -LEADER
fixed length control field 00593nam a22001697a 4500
003 - CONTROL NUMBER IDENTIFIER
control field PILC
005 - DATE AND TIME OF LATEST TRANSACTION
control field 20150825073500.0
008 - FIXED-LENGTH DATA ELEMENTS--GENERAL INFORMATION
fixed length control field 150825b xxu||||| |||| 00| 0 eng d
050 ## - LIBRARY OF CONGRESS CALL NUMBER
Classification number BF 1031
Item number .P722 1975
100 ## - MAIN ENTRY--PERSONAL NAME
Personal name Playfair, Guy Lyon.
245 ## - TITLE STATEMENT
Title The unknown power :
Remainder of title research into paranormal phenomena in the world's most psychic country /
Statement of responsibility, etc Guy Lyon Playfair.
260 ## - PUBLICATION, DISTRIBUTION, ETC. (IMPRINT)
Place of publication, distribution, etc St Albans, Herts :
Name of publisher, distributor, etc Panther Books Ltd,
Date of publication, distribution, etc 1977.
300 ## - PHYSICAL DESCRIPTION
Extent 322 pages :
Other physical details illustrations ;
Dimensions 18 cm.
500 ## - GENERAL NOTE
General note Includes bibliographical references and index.
650 ## - SUBJECT ADDED ENTRY--TOPICAL TERM
Topical term or geographic name as entry element Parapsychology.
942 ## - ADDED ENTRY ELEMENTS (KOHA)
Source of classification or shelving scheme Library of Congress Classification
Koha item type Books
Holdings
Withdrawn status Lost status Source of classification or shelving scheme Damaged status Home library Current library Shelving location Date acquired Source of acquisition Sub Shelving location Total Checkouts Full call number Barcode Date last seen Price effective from Koha item type
    Library of Congress Classification   College Library College Library Fiction Section 08/25/2015 Donation     BF 1031 .P722 1975 C19759 05/08/2018 08/25/2015 Books

The unknown power :

APA

Playfair G. L., . (1977). The unknown power. St Albans, Herts: Panther Books Ltd.

Chicago

Playfair Guy Lyon, . 1977. The unknown power. St Albans, Herts: Panther Books Ltd.

Harvard

Playfair G. L., . (1977). The unknown power. St Albans, Herts: Panther Books Ltd.

MLA

Playfair Guy Lyon, . The unknown power. St Albans, Herts: Panther Books Ltd. 1977.

  • Place hold
  • Print
  • Cite
  • Add to your cart (remove)
  • Save record
    BIBTEX Dublin Core MARCXML MARC (non-Unicode/MARC-8) MARC (Unicode/UTF-8) MARC (Unicode/UTF-8, Standard) MODS (XML) RIS
  • More searches
    Search for this title in:
    Other Libraries (WorldCat) Other Databases (Google Scholar) Online Stores (Bookfinder.com) Open Library (openlibrary.org)

Exporting to Dublin Core...

SOUTHVILLE LIBRARY

Southville International School and Colleges Library

1281 Tropical Ave. Cor. Luxembourg St., BF Homes International, Las Pinas City

Tel. No. 8256374 / 252358 Loc. 117/146

Powered by Koha